Gaming Quiz

Random Gaming or Video Games Quiz

Kirby Games Quiz Stats

 Plays Quiz Updated Mar 18, 2018

Score 0/27 Timer 05:00
1 Play Today
Year Game % Correct
1992Kirby's Dream Land
85.4%
1993Kirby's Adventure
73.6%
1996Kirby Super Star
73%
2000Kirby 64: The Crystal Shards
69.2%
1995Kirby's Dream Land 2
69.2%
2011Kirby's Return to Dream Land
66.5%
1998Kirby's Dream Land 3
64%
2010Kirby's Epic Yarn
59.8%
2003Kirby Air Ride
59.4%
2018Kirby Star Allies
58.2%
2006Kirby Squeak Squad
58.2%
2008Kirby Superstar Ultra
57.8%
2002Kirby: Nightmare in Dreamland
56.3%
2005Kirby Canvas Curse
55%
Year Game % Correct
2014Kirby: Triple Deluxe
54.8%
2016Kirby: Planet Robobot
53.9%
2004Kirby & the Amazing Mirror
53.2%
2011Kirby Mass Attack
48.5%
2015Kirby and the Rainbow Curse
47.5%
1994Kirby's Dream Course
37%
2001Kirby Tilt 'n' Tumble
35.1%
1995Kirby's Avalanche
34.2%
1993Kirby's Pinball Land
32.4%
1996Kirby's Block Ball
26.1%
1997Kirby's Star Stacker
26.1%
2017Kirby's Blowout Blast
18.8%
2017Team Kirby Clash Deluxe
15.5%

You're not logged in!

Compare scores with friends on all Sporcle quizzes.
OR
Log In

Sporcle TV

Today on Sporcle TV


Watch our educational content, quiz creation guides, and fun videos on Sporcle TV.

Show Comments

Extras

Top Quizzes Today


Score Distribution

Your Account Isn't Verified!

In order to create a playlist on Sporcle, you need to verify the email address you used during registration. Go to your Sporcle Settings to finish the process.

Report this User

Report this user for behavior that violates our Community Guidelines.

Details: